LEADER 01322nam2 22002891i 450 001 UON00286911 005 20231205103904.986 010 $a34-06-44104-1 100 $a20070123d1998 |0itac50 ba 101 $ager 102 $aDE 105 $a|||| 1|||| 200 1 $aGeschichte der deutschsprachigen Literatur, 1870-1900$evon der Reichsgründung bis zur Jahrhundertwende$fvon Peter Sprengel 210 $aMünchen$cC.H. Beck$d1998 215 $aXIX, 825 p.$d23 cm. 461 1$1001UON00177548$12001 $aGeschichte der deutschen Literatur von den Anfängen bis zur Gegenwart$fbegr. von Helmut de Boor und Richard Newald$1210 $aMünchen$cC.H. Beck$1215 $a v.$d23 cm.$vBd. 9.1 606 $aLetteratura tedesca$xStoria$xSec. 19.-20.$3UONC061913$2FI 620 $aDE$dMünchen$3UONL003025 676 $a830.9$cLetteratura tedesca. 1900-$v21 700 1$aSPRENGEL$bPeter$3UONV164594$0165763 712 $aBeck$3UONV246795$4650 801 $aIT$bSOL$c20251003$gRICA 899 $aSIBA - SISTEMA BIBLIOTECARIO DI ATENEO$2UONSI 912 $aUON00286911 950 $aSIBA - SISTEMA BIBLIOTECARIO DI ATENEO$dSI S.C VI D 056 k $eSI LO 70074 7 056 k 996 $aGeschichte der deutschsprachigen literatur 1870-1900$975137 997 $aUNIOR